000 00426nam a22001337a 4500
003 OSt
008 150407b xxu||||| |||| 00| 0 eng d
100 1 _aPeter W.W. Powell
041 _aeng
245 1 0 _aMissent, forwarded and advertised markings used in the Confederate States of America
246 1 0 _awith notes on other auxiliary markings found on Confederate mail
260 _bConfederate Stamp Alliance?
300 _a0 pages
999 _c1190
_d1190